Top 140 Länder nach Einwohner - Statistiken

Allgemein
  • Dieses Quiz wurde 15 mal gespielt
  • Das Durchschnittsergebnis liegt bei 116 aus 140
Antwortstatistiken
Anzahl Einwohner (2022) Länder % Korrekt
103'500'000 Ägypten
100%
44'900'000 Algerien
100%
46'200'000 Argentinien
100%
214'800'000 Brasilien
100%
1'436'600'000 China
100%
83'300'000 Deutschland
100%
65'800'000 Frankreich
100%
67'600'000 Grossbritannien
100%
1'417'200'000 Indien
100%
275'500'000 Indonesien
100%
88'600'000 Iran
100%
58'900'000 Italien
100%
54'000'000 Kenia
100%
49'100'000 Kolumbien
100%
36'700'000 Marokko
100%
127'500'000 Mexiko
100%
26'200'000 Niger
100%
218'500'000 Nigeria
100%
235'800'000 Pakistan
100%
115'600'000 Philippinen
100%
38'000'000 Polen
100%
144'300'000 Russland
100%
36'700'000 Saudi-Arabien
100%
66'800'000 Thailand
100%
85'200'000 Türkei
100%
41'000'000 Ukraine
100%
332'800'000 Vereinigte Staaten
100%
99'400'000 Vietnam
100%
3'000'000 Armenien
92%
10'200'000 Aserbaidschan
92%
123'400'000 Äthiopien
92%
25'800'000 Australien
92%
171'200'000 Bangladesch
92%
1'980'000 Chile
92%
5'600'000 Finnland
92%
33'500'000 Ghana
92%
10'600'000 Griechenland
92%
44'500'000 Irak
92%
5'100'000 Irland
92%
124'900'000 Japan
92%
33'700'000 Jemen
92%
16'800'000 Kambodscha
92%
38'800'000 Kanada
92%
54'200'000 Myanmar
92%
5'400'000 Norwegen
92%
4'600'000 Oman
92%
33'400'000 Peru
92%
10'300'000 Portugal
92%
10'500'000 Schweden
92%
22'100'000 Syrien
92%
10'000'000 Tadschikistan
92%
17'700'000 Tschad
92%
10'500'000 Tschechien
92%
6'400'000 Turkmenistan
92%
35'600'000 Usbekistan
92%
28'300'000 Venezuela
92%
41'100'000 Afghanistan
85%
35'600'000 Angola
85%
9'200'000 Belarus
85%
11'600'000 Belgien
85%
3'400'000 Bosnien und Herzegowina
85%
6'800'000 Bulgarien
85%
99'000'000 Demokratische Republik Kongo
85%
3'700'000 Georgien
85%
9'500'000 Israel
85%
11'200'000 Jordanien
85%
27'900'000 Kamerun
85%
19'200'000 Kasachstan
85%
3'800'000 Kroatien
85%
7'500'000 Laos
85%
6'800'000 Libyen
85%
22'600'000 Mali
85%
3'400'000 Mongolei
85%
5'100'000 Neuseeland
85%
17'700'000 Niederlande
85%
26'100'000 Nordkorea
85%
9'000'000 Österreich
85%
6'800'000 Paraguay
85%
6'000'000 Republik Kongo
85%
8'800'000 Schweiz
85%
6800'000 Serbien
85%
5'400'000 Slowakei
85%
17'600'000 Somalia
85%
47'400'000 Spanien
85%
22'400'000 Sri Lanka
85%
60'600'000 Südafrika
85%
51'600'000 Südkorea
85%
12'200'000 Bolivien
77%
5'200'000 Costa Rica
77%
5'873'420 Dänemark
77%
11'200'000 Dominikanische Republik
77%
18'000'000 Ecuador
77%
28'200'000 Elfenbeinküste
77%
13'900'000 Guinea
77%
6'800'000 Kirgistan
77%
11'100'000 Kuba
77%
4'100'000 Kuwait
77%
29'600'000 Madagaskar
77%
32'700'000 Malaysia
77%
4'700'000 Mauretanien
77%
6'700'000 Nicaragua
77%
19'000'000 Rumänien
77%
20'000'000 Sambia
77%
17'900'000 Senegal
77%
16'300'000 Simbabwe
77%
5'500'000 Singapur
77%
46'900'000 Sudan
77%
10'900'000 Südsudan
77%
23'200'000 Taiwan
77%
65'500'000 Tansania
77%
47'200'000 Uganda
77%
3'600'000 Uruguay
77%
9'400'000 Vereinigte Arabische Emirate
77%
6'300'000 El Salvador
69%
11'600'000 Haiti
69%
9'600'000 Honduras
69%
2'700'000 Katar
69%
33'000'000 Mosambik
69%
4'400'000 Panama
69%
13'800'000 Ruanda
69%
11'800'000 Tunesien
69%
9'700'000 Ungarn
69%
22'700'000 Burkina Faso
62%
12'900'000 Burundi
62%
17'800'000 Guatemala
62%
5'500'000 Libanon
62%
5'300'000 Liberia
62%
30'900'000 Nepal
62%
9'300'000 Papua-Neuguinea
62%
8'700'000 Sierra Leone
62%
8'800'000 Togo
62%
2'800'000 Albanien
54%
13'400'000 Benin
54%
3'700'000 Eritrea
54%
2'800'000 Jamaika
54%
2'800'000 Litauen
54%
2'700'000 Gambia
46%
20'400000 Malawi
46%
3'500'000 Moldau
31%
5'600'000 Zentral­afrikanische Republik
0%
Keine übereinstimmenden Quizze gefunden
Verteilung der Resultate
Anzahl Personen mit jedem Resultat
Perzentil nach korrekt beantworteten Fragen
Ihre Resultats-Entwicklung
Sie haben dieses Quiz noch nicht gespielt